| 000 | 00818nam a2200277 i 4500 | ||
|---|---|---|---|
| 001 | bg | ||
| 100 | 1 | _aKAZIOR, Jan | |
| 245 | 1 | 0 |
_aBor w spiekanych austenitycznych stalach nierdzewnych / _cJan Kazior ; Politechnika Krakowska im. Tadeusza Kościuszki. |
| 260 |
_aKraków : _bPK, _c2004. |
||
| 300 |
_a119 s. : _bil. ; _c24 cm. |
||
| 500 | _aStreszcz. pol., ang. | ||
| 504 | _aBibliogr. | ||
| 650 | 9 |
_aBor _xmetalurgia |
|
| 650 | 9 | _aStopy (metalurg.) | |
| 650 | 9 |
_aStal _xbadanie |
|
| 650 | 9 | _aMetalurgia proszków | |
| 650 | 9 | _aSpiekanie | |
| 710 | 0 | _aPolitechnika Krakowska im. Tadeusza Kościuszki | |
| 020 | _a8372423059 | ||
| 040 | _cBPK | ||
| 041 | 0 |
_apol _beng |
|
| 080 | _a669.1:669.77/.78:621.762:620.1 | ||
| 920 | _a83-7242-305-9 | ||
| 942 | _cKS | ||
| 008 | s pl f |000 0 pol | ||
| 999 |
_c45224 _d45224 |
||
| 856 |
_uhttp://koha.tu.koszalin.pl/cgi-bin/koha/opac-detail.pl?biblionumber=45224 _yKatalog online BPK |
||